| 000 | 01101nam a22003017a 4500 | ||
|---|---|---|---|
| 001 | 5073 | ||
| 003 | FISKH | ||
| 005 | 20241105082109.0 | ||
| 008 | 241105b cb ||||| |||| 00| 0 eng d | ||
| 020 | _a9781407104270 | ||
| 040 |
_aFISKH _beng _cFISKH _dFISKH |
||
| 050 | _aPS430 | ||
| 082 | _a985.019 | ||
| 100 | _aDeary, Terry | ||
| 245 |
_aThe Incredible Incas / _cby Terry Deary : illustrated by Martin Brown & Philip Reeve |
||
| 260 |
_aNew York : _bScholastic ; _c2000 . |
||
| 300 |
_a139 pages : _billustrations ; _c21 cm . |
||
| 490 | _aHorrible Histories | ||
| 505 | _aT | ||
| 520 | _aIt's history with the nasty bits left in! Want to know. Why llamas wore earrings and drank beer? How a bucket of stewed pee can make you beautiful? Why servants ate the emperor's hair? Discover all the foul facts about the Incredible Incas - all the gore and more! | ||
| 521 | 8 |
_a800
_bLexile |
|
| 521 | 8 |
_aT
_bRaz-Plus |
|
| 650 |
_aIncas _vnon-fiction |
||
| 700 |
_aBrown, Martin _eillustrator |
||
| 700 |
_aReeve, Philip _eillustrator |
||
| 942 |
_2ddc _cBK _n0 |
||
| 999 |
_c5073 _d5073 |
||